000 00544nam a2200121Ia 4500
008 220616s9999||||xx |||||||||||||| ||und||
245 0 _aSustainable Development and Resource Productivity
_bThe Nexus Approaches
546 _aEnglish[eng]
650 _aApplied ecology||Conservation of the environment||Environmental management||Environmental policy and protocols||Environmental science, engineering and technology
700 _aLehmann, Harry
856 _uhttps://library.oapen.org/bitstream/20.500.12657/42894/1/9781000213645.pdf
942 _cEB
999 _c20794
_d20794